00659nam a2200217 a 4500008004100000020001500041050001800056100003300074245006400107260004800171300001900219350000900238500003900247650002200286650002200308650003300330650002000363650002700383700001600410700001500426120416s1984 ||||||||||||||||| || u a0435957619 aHB 2752.4 Pop aOminde, S. H. (Simeon Hongo)10aPopulation and development in Kenyacedited by S. H. Ominde aNairobi:bHeinemann Educational Booksc1984 aix, 129p.: ill a0.00 aIncludes bibliographies and index. aKENYA--POPULATION aPOPULATION--KENYA aPOPULATION FORCASTING--KENYA aLAND USE--KENYA aKENYA--ECONOMIC POLICY aHenin, R. A aSly, David